000
00367nam a2200169Ia 4500
003
0100
008
130303s9999 xx 000 0 und d
040
_c
ARRUPELIB
050
_a
NK1105.D71955
100
_a
Dreyfuss, Henry
245
_a
Designing for People
260
_a
NY
260
_b
Simon Schuster, INC
260
_C
1955
300
_a
240p
942
0
0
_0
1
999
_c
51997
_d
51997